[Event "Titled Tuesday 2025.02.25 Late"]
[Site "chess.com INT"]
[Date "2025.02.25"]
[Round "3"]
[White "Hansen, Eric"]
[Black "Rastbod, Ali"]
[Result "1/2-1/2"]
[WhiteElo "2609"]
[BlackElo "2269"]
[PlyCount "79"]
[GameId "2151502157292078"]
[EventDate "2025.02.25"]
[EventType "swiss (blitz)"]
[EventRounds "11"]
[EventCountry "NET"]
[SourceTitle "The Week in Chess 1582"]
[SourceDate "2025.03.03"]
[SourceVersion "1"]
[SourceVersionDate "2025.03.03"]
[SourceQuality "2"]

1. e4 c6 2. Nf3 d5 3. Nc3 dxe4 4. Nxe4 Nf6 5. d3 Nxe4 6. dxe4 Qxd1+ 7. Kxd1 Bg4 8. Be2 Bxf3 9. Bxf3 e5 10. c3 Bc5 11. Ke2 a5 12. Rd1 Nd7 13. g3 Ke7 14. Bg2 Rhd8 15. Bg5+ f6 16. Bd2 Nb6 17. Be1 a4 18. Rxd8 Rxd8 19. Bf1 Ra8 20. Kd3 Nd7 21. Kc2 b5 22. f3 Nb6 23. Rd1 Nc4 24. Bxc4 bxc4 25. Bd2 h5 26. Rf1 Ke6 27. f4 Bd6 28. f5+ Ke7 29. Be3 Ra5 30. Rd1 Bc5 31. Bc1 Ra8 32. Rf1 Rd8 33. Rf3 Kf7 34. h3 Rb8 35. Rf1 Rd8 36. Rf3 Rb8 37. Bd2 Rd8 38. Be1 Rb8 39. Bd2 Rd8 40. Bc1 1/2-1/2

[Event "Titled Tuesday 2025.02.25 Late"]
[Site "chess.com INT"]
[Date "2025.02.25"]
[Round "4"]
[White "Melikyan, Gnel"]
[Black "Hansen, Eric"]
[Result "1-0"]
[WhiteElo "2217"]
[BlackElo "2609"]
[PlyCount "79"]
[GameId "2151502157402860"]
[EventDate "2025.02.25"]
[EventType "swiss (blitz)"]
[EventRounds "11"]
[EventCountry "NET"]
[SourceTitle "The Week in Chess 1582"]
[SourceDate "2025.03.03"]
[SourceVersion "1"]
[SourceVersionDate "2025.03.03"]
[SourceQuality "2"]

1. e4 c5 2. Nf3 e6 3. d4 cxd4 4. Nxd4 a6 5. Nc3 Qc7 6. Qg4 Nf6 7. Qg3 d6 8. Bd3 Nc6 9. Nxc6 bxc6 10. b3 e5 11. O-O Be6 12. Ne2 Nh5 13. Qh4 g6 14. f4 exf4 15. Bb2 Be7 16. Qf2 Bf6 17. Bxf6 Nxf6 18. Qd4 Qa7 19. Rxf4 Ke7 20. Qxa7+ Rxa7 21. Nd4 Rc7 22. Raf1 Nd7 23. Nxe6 fxe6 24. Rf7+ Kd8 25. Bxa6 Ne5 26. Rxc7 Kxc7 27. Be2 Ra8 28. a4 d5 29. exd5 cxd5 30. Bb5 Kd6 31. Rd1 Kc5 32. c3 Ng4 33. b4+ Kd6 34. c4 Ne3 35. c5+ Kc7 36. Re1 d4 37. Kf2 e5 38. Kf3 Rf8+ 39. Ke4 Rf5 40. Bd3 1-0

[Event "Titled Tuesday 2025.02.25 Late"]
[Site "chess.com INT"]
[Date "2025.02.25"]
[Round "6"]
[White "Hansen, Eric"]
[Black "Kochavi, Dana"]
[Result "1-0"]
[WhiteElo "2609"]
[BlackElo "2301"]
[PlyCount "107"]
[GameId "2151502157722788"]
[EventDate "2025.02.25"]
[EventType "swiss (blitz)"]
[EventRounds "11"]
[EventCountry "NET"]
[SourceTitle "The Week in Chess 1582"]
[SourceDate "2025.03.03"]
[SourceVersion "1"]
[SourceVersionDate "2025.03.03"]
[SourceQuality "2"]

1. e4 c6 2. d4 d5 3. e5 Bf5 4. Nf3 e6 5. Be2 Nd7 6. O-O Bg6 7. Nbd2 Ne7 8. Nb3 Nf5 9. c3 Be7 10. g4 Nh4 11. Nxh4 Bxh4 12. f4 f5 13. Bd3 O-O 14. Kh1 Be7 15. Rg1 c5 16. gxf5 Bxf5 17. Bxf5 Rxf5 18. Be3 c4 19. Nd2 Nf8 20. Qg4 Ng6 21. Rg2 b5 22. Nf1 Qd7 23. Ng3 Rf7 24. Rf1 Raf8 25. Rgf2 Nh4 26. Bd2 Nf5 27. Rg1 g6 28. Qh3 Qd8 29. Rfg2 Ng7 30. Ne2 a5 31. a3 Qb8 32. Ng3 b4 33. axb4 axb4 34. f5 exf5 35. Bh6 bxc3 36. bxc3 Qc8 37. Bxg7 Rxg7 38. Nh5 Qe6 39. Nxg7 Kxg7 40. Ra1 Rb8 41. Rgg1 Qb6 42. Qxf5 Rf8 43. Qd7 Qd8 44. Ra7 Qxd7 45. Rxd7 Kf7 46. Rxd5 Ke6 47. Rb5 Rf3 48. Rg3 Rf1+ 49. Kg2 Rc1 50. d5+ Kxe5 51. Re3+ Kf6 52. Rb6+ Kf7 53. Rb7 Rc2+ 54. Kg3 1-0

[Event "Titled Tuesday 2025.02.25 Late"]
[Site "chess.com INT"]
[Date "2025.02.25"]
[Round "7"]
[White "Pozzari, Simone"]
[Black "Hansen, Eric"]
[Result "0-1"]
[WhiteElo "2148"]
[BlackElo "2609"]
[PlyCount "128"]
[GameId "2151502157854079"]
[EventDate "2025.02.25"]
[EventType "swiss (blitz)"]
[EventRounds "11"]
[EventCountry "NET"]
[SourceTitle "The Week in Chess 1582"]
[SourceDate "2025.03.03"]
[SourceVersion "1"]
[SourceVersionDate "2025.03.03"]
[SourceQuality "2"]

1. Nf3 d5 2. e3 Nf6 3. c4 c6 4. b3 Bg4 5. Bb2 e6 6. h3 Bxf3 7. Qxf3 Nbd7 8. d4 Bb4+ 9. Bc3 Qa5 10. Bxb4 Qxb4+ 11. Nd2 Ne4 12. Qd1 Ndf6 13. Qc2 Rd8 14. Bd3 e5 15. a3 Qxd2+ 16. Qxd2 Nxd2 17. Kxd2 exd4 18. exd4 dxc4 19. Rhe1+ Kf8 20. Bxc4 Rxd4+ 21. Kc3 Rd7 22. Rad1 g6 23. g4 h6 24. h4 Rc7 25. Rd8+ Kg7 26. Rxh8 Kxh8 27. g5 hxg5 28. hxg5 Nh7 29. f4 Kg7 30. a4 b6 31. Re8 Nf8 32. b4 b5 33. Bb3 bxa4 34. Bxa4 Ne6 35. f5 gxf5 36. Bc2 Nxg5 37. Bxf5 c5 38. b5 Kf6 39. Bd3 Ne6 40. Rh8 Nf4 41. Bc4 Ke5 42. Re8+ Kf5 43. Re1 f6 44. Rf1 Re7 45. Bd3+ Ke5 46. Bc4 f5 47. Re1+ Kf6 48. Rf1 Re4 49. Ra1 Re7 50. Ra6+ Kg5 51. Rc6 Ng6 52. Rxc5 Ne5 53. Bd3 Kf4 54. Bc2 Kg4 55. Rc8 f4 56. Rg8+ Kf3 57. Rg1 Kf2 58. Rh1 f3 59. Rh2+ Kg3 60. Rh1 f2 61. Rh8 f1=Q 62. Rg8+ Ng4 63. Rf8 Qxf8 64. Be4 Qf6+ 0-1

[Event "Titled Tuesday 2025.02.25 Late"]
[Site "chess.com INT"]
[Date "2025.02.25"]
[Round "8"]
[White "Hansen, Eric"]
[Black "Sharankov, G."]
[Result "1-0"]
[WhiteElo "2609"]
[BlackElo "2238"]
[PlyCount "77"]
[GameId "2151502157919737"]
[EventDate "2025.02.25"]
[EventType "swiss (blitz)"]
[EventRounds "11"]
[EventCountry "NET"]
[SourceTitle "The Week in Chess 1582"]
[SourceDate "2025.03.03"]
[SourceVersion "1"]
[SourceVersionDate "2025.03.03"]
[SourceQuality "2"]

1. e4 e6 2. d4 d5 3. Nc3 Nc6 4. Bb5 dxe4 5. Nxe4 Qd5 6. Qd3 Nf6 7. Nxf6+ gxf6 8. Nf3 Bd7 9. Bc4 Nb4 10. Qe2 Qf5 11. Bb3 Bb5 12. c4 Nd3+ 13. Kf1 Nxc1 14. Rxc1 Bc6 15. d5 Bd7 16. c5 Bh6 17. Rd1 O-O 18. Nd4 Qe5 19. dxe6 Qxe2+ 20. Kxe2 Rfe8 21. Kf3 fxe6 22. Rhe1 Kf7 23. c6 Bxc6+ 24. Nxc6 bxc6 25. Rd7+ Kg6 26. Bxe6 Red8 27. Red1 Rxd7 28. Rxd7 Rb8 29. b3 Rb4 30. g3 Rb5 31. Rxc7 Rc5 32. h4 Bd2 33. Bf7+ Kh6 34. Bc4 Bc3 35. Rxa7 Bd4 36. Kf4 Bxf2 37. Rd7 Be1 38. Bd3 Bd2+ 39. Kg4 1-0

[Event "Titled Tuesday 2025.02.25 Late"]
[Site "chess.com INT"]
[Date "2025.02.25"]
[Round "9"]
[White "Goltsev, Dmitry"]
[Black "Hansen, Eric"]
[Result "1/2-1/2"]
[WhiteElo "2226"]
[BlackElo "2609"]
[PlyCount "65"]
[GameId "2151502157981281"]
[EventDate "2025.02.25"]
[EventType "swiss (blitz)"]
[EventRounds "11"]
[EventCountry "NET"]
[SourceTitle "The Week in Chess 1582"]
[SourceDate "2025.03.03"]
[SourceVersion "1"]
[SourceVersionDate "2025.03.03"]
[SourceQuality "2"]

1. e4 c5 2. Nf3 e6 3. d4 cxd4 4. Nxd4 a6 5. Nc3 Qc7 6. Be2 Nf6 7. O-O Bb4 8. Qd3 Nc6 9. a3 Be7 10. Bg5 b5 11. Rad1 O-O 12. Qg3 Qxg3 13. hxg3 h6 14. Bxf6 Bxf6 15. Nxc6 dxc6 16. Rd6 c5 17. Rfd1 Ra7 18. f4 Be7 19. R6d2 c4 20. e5 Rc7 21. Bf3 Bb7 22. Rd7 Bxf3 23. Rxc7 Bxd1 24. Nxd1 Rd8 25. Nc3 Kf8 26. Rc6 g5 27. Rxa6 Rd2 28. Ne4 Rxc2 29. Ra8+ Kg7 30. Ra7 Kf8 31. Ra8+ Kg7 32. Ra7 Kf8 33. Ra8+ 1/2-1/2

[Event "Nanaimo Spring op"]
[Site "Nanaimo CAN"]
[Date "2018.03.03"]
[Round "1"]
[White "Hansen, Eric"]
[Black "Rowan, James"]
[Result "1-0"]
[WhiteElo "2625"]
[BlackElo "1879"]
[PlyCount "67"]
[GameId "2160767908249935"]
[EventDate "2018.03.03"]
[EventType "swiss"]
[EventRounds "5"]
[EventCountry "CAN"]

1. e4 e5 2. Nf3 Nc6 3. Bb5 a6 4. Ba4 Nf6 5. O-O Be7 6. Re1 b5 7. Bb3 O-O 8. h3 d6 9. c3 h6 10. d4 Re8 11. Nbd2 Bf8 12. Nf1 Qe7 13. Ne3 Na5 14. Bc2 c5 15. a4 Bd7 16. dxe5 dxe5 17. Nd5 Nxd5 18. exd5 Qf6 19. Nd2 Bf5 20. Ne4 Qg6 21. Qf3 Nc4 22. b3 Nb6 23. g4 Bxe4 24. Bxe4 Qd6 25. h4 g6 26. Kg2 Nd7 27. Be3 Rac8 28. axb5 axb5 29. Ra7 Re7 30. Rea1 Qf6 31. g5 Qxf3+ 32. Kxf3 hxg5 33. d6 g4+ 34. Kg2 1-0

[Event "Nanaimo Spring op"]
[Site "Nanaimo CAN"]
[Date "2018.03.03"]
[Round "3"]
[White "Blaha, Jiri"]
[Black "Hansen, Eric"]
[Result "0-1"]
[WhiteElo "2163"]
[BlackElo "2627"]
[PlyCount "110"]
[GameId "2160767908249936"]
[EventDate "2018.03.03"]
[EventType "swiss"]
[EventRounds "5"]
[EventCountry "CAN"]

1. e4 c5 2. Nc3 Nc6 3. f4 g6 4. Nf3 Bg7 5. Bb5 Nd4 6. O-O a6 7. Bc4 e6 8. d3 Ne7 9. Bb3 O-O 10. Nxd4 cxd4 11. Ne2 d6 12. Bd2 Bd7 13. Qe1 Kh8 14. Qf2 Nc6 15. c3 dxc3 16. Bxc3 Bxc3 17. bxc3 Rc8 18. Rac1 Qa5 19. Kh1 Rc7 20. Nd4 Ne7 21. Qh4 Ng8 22. f5 Rxc3 23. Rcd1 gxf5 24. exf5 exf5 25. Nf3 f6 26. Bxg8 Kxg8 27. Qg3+ Kh8 28. Qxd6 Rf7 29. Rc1 Qa3 30. Qb8+ Bc8 31. Qf4 Rxc1 32. Rxc1 Be6 33. Nd4 Bd7 34. h3 Rg7 35. Qc7 h6 36. Rg1 Kh7 37. Qxb7 Qxd3 38. Qb6 f4 39. Qxf6 Qe4 40. Kh2 a5 41. Nf3 Bc6 42. Nh4 a4 43. a3 Ba8 44. Nf3 Bd5 45. Nh4 Rf7 46. Qd6 Qd3 47. Nf3 Qb3 48. Rf1 Qa2 49. Re1 Qb3 50. Rf1 Qa2 51. Kg1 Qc4 52. Rf2 Qe4 53. Rf1 Rg7 54. Kh2 Qe2 55. Rg1 Bxf3 0-1

[Event "Nanaimo Spring op"]
[Site "Nanaimo CAN"]
[Date "2018.03.04"]
[Round "4"]
[White "Hansen, Eric"]
[Black "MacKinnon, Keith"]
[Result "1-0"]
[WhiteElo "2625"]
[BlackElo "2200"]
[PlyCount "49"]
[GameId "2160767908249937"]
[EventDate "2018.03.03"]
[EventType "swiss"]
[EventRounds "5"]
[EventCountry "CAN"]

1. c4 e6 2. Nc3 Nf6 3. e4 d5 4. e5 d4 5. exf6 dxc3 6. bxc3 Qxf6 7. Nf3 Nd7 8. d4 Qd8 9. Bd3 Be7 10. O-O O-O 11. Bf4 b6 12. Bc2 Bb7 13. Qd3 g6 14. Rfe1 Bf6 15. Rad1 Qc8 16. Ng5 Bg7 17. Qh3 Nf6 18. Be5 h5 19. Qg3 c6 20. Bxf6 Bxf6 21. Nxe6 fxe6 22. Qxg6+ Bg7 23. Qh7+ Kf7 24. Bg6+ Kf6 25. Bxh5 1-0

[Event "Nanaimo Spring op"]
[Site "Nanaimo CAN"]
[Date "2018.03.04"]
[Round "5"]
[White "Sali, Zulfikar"]
[Black "Hansen, Eric"]
[Result "0-1"]
[WhiteElo "2200"]
[BlackElo "2625"]
[PlyCount "99"]
[GameId "2160767908249938"]
[EventDate "2018.03.03"]
[EventType "swiss"]
[EventRounds "5"]
[EventCountry "CAN"]

1. e4 d6 2. d4 Nf6 3. Nc3 g6 4. f4 Bg7 5. Nf3 O-O 6. e5 dxe5 7. dxe5 Qxd1+ 8. Kxd1 Ng4 9. Ke1 Nc6 10. h3 Nh6 11. g4 Rd8 12. Be3 Be6 13. a3 f6 14. exf6 exf6 15. Bd3 Re8 16. Kd2 Rad8 17. Rae1 f5 18. g5 Nf7 19. Kc1 a6 20. h4 Na5 21. Bc5 Rxd3 22. cxd3 Nb3+ 23. Kc2 Nxc5 24. b4 Nd7 25. Nd5 Nd6 26. Nxc7 Rc8 27. Rxe6 Rxc7+ 28. Kd2 Nb5 29. a4 Kf7 30. Re3 Nd4 31. Nxd4 Bxd4 32. Reh3 Nb6 33. h5 Nd5 34. hxg6+ hxg6 35. Rh6 Bg7 36. b5 axb5 37. axb5 Nxf4 38. R6h4 Bc3+ 39. Kd1 Nxd3 40. Ke2 Nc5 41. Rc1 Bg7 42. b6 Re7+ 43. Kf3 Ne6 44. Rb4 Nxg5+ 45. Kg2 Ne6 46. Ra4 Be5 47. Ra5 Kf6 48. Rc8 Rh7 49. Rg8 Rh2+ 50. Kf1 0-1

[Event "St John February Knights"]
[Site "St John CAN"]
[Date "2018.02.18"]
[Round "4"]
[White "Berson, Jordan"]
[Black "Hansen, Eric"]
[Result "0-1"]
[WhiteElo "2078"]
[BlackElo "2626"]
[PlyCount "78"]
[GameId "2160767908258270"]
[EventDate "2018.02.17"]
[EventType "swiss"]
[EventRounds "5"]
[EventCountry "CAN"]
[SourceTitle "EXT 2024"]
[Source "ChessBase"]
[SourceDate "2023.10.10"]
[SourceVersion "1"]
[SourceVersionDate "2023.10.10"]
[SourceQuality "1"]

1. d4 Nf6 2. c4 e6 3. g3 c5 4. Nf3 cxd4 5. Nxd4 Nc6 6. Bg2 Bc5 7. Nb3 Be7 8. O-O O-O 9. Nc3 b6 10. Nd4 Bb7 11. Bf4 Na5 12. Bxb7 Nxb7 13. e4 Bb4 14. e5 Bxc3 15. exf6 Bxd4 16. Qxd4 Qxf6 17. Be5 Qg6 18. Qxd7 Nc5 19. Qd1 h5 20. h4 Rad8 21. Qe2 Nd3 22. Bc3 e5 23. Rad1 e4 24. Qe3 f5 25. Qg5 Qf7 26. Kh2 Rd6 27. f3 Rg6 28. Qxh5 Nf4 29. gxf4 Rg2+ 30. Kxg2 Qxh5 31. Rd7 Rf7 32. Rxf7 Kxf7 33. Be1 Qg6+ 34. Bg3 Qf6 35. b3 e3 36. Re1 Qb2+ 37. Kf1 Qd2 38. Re2 Qd3 39. Bh2 Qd1+ 0-1

[Event "PRO Chess League"]
[Site "Chess.com"]
[Date "2017.02.01"]
[Round "4"]
[White "Hansen, Eric"]
[Black "Matros, Alexander"]
[Result "1-0"]
[WhiteElo "2603"]
[BlackElo "2442"]
[PlyCount "65"]
[GameId "2160767908474919"]
[EventDate "2017.01.11"]
[EventCountry "CAN"]
[WhiteTeam "Montreal ChessBrahs"]
[BlackTeam "Carolina Cobras"]

1. e4 c5 2. Nf3 Nc6 3. Bb5 e6 4. O-O Nge7 5. Re1 a6 6. Bf1 b5 7. a4 b4 8. c3 Bb7 9. d4 cxd4 10. cxd4 d5 11. Nbd2 Rc8 12. e5 Nf5 13. Nb3 Be7 14. Bd2 O-O 15. Bd3 Rc7 16. Rc1 h6 17. Qe2 Qa8 18. a5 Rfc8 19. Bb1 Bd8 20. Qd3 g6 21. g4 Ng7 22. Bxh6 Nxa5 23. Rxc7 Bxc7 24. Nxa5 Bxa5 25. Ng5 Rc7 26. Qf3 Qd8 27. h4 Bb6 28. Qf4 Bxd4 29. h5 Bxb2 30. hxg6 f5 31. Bxg7 Rc4 32. Qh2 Rxg4+ 33. Kf1 1-0

[Event "Carnaval"]
[Site "Quebec CAN"]
[Date "2016.02.19"]
[Round "1"]
[White "Hansen, Eric"]
[Black "Larochelle, Martial"]
[Result "0-1"]
[WhiteElo "2584"]
[BlackElo "2099"]
[PlyCount "106"]
[GameId "2160767908761007"]
[EventDate "2016.02.19"]
[EventType "swiss"]
[EventRounds "5"]
[EventCountry "CAN"]
[SourceTitle "EXT 2022"]
[Source "ChessBase"]
[SourceDate "2021.10.06"]
[SourceVersion "1"]
[SourceVersionDate "2021.10.06"]
[SourceQuality "1"]

1. c4 e5 2. Nc3 Nf6 3. Nf3 Nc6 4. g3 Bc5 5. Bg2 a6 6. O-O O-O 7. e3 Re8 8. d4 Bf8 9. d5 Ne7 10. Nxe5 Nexd5 11. cxd5 Rxe5 12. e4 d6 13. h3 c5 14. Re1 Bd7 15. f4 Re7 16. e5 Ne8 17. e6 fxe6 18. dxe6 Bxe6 19. Nd5 Bxd5 20. Qxd5+ Kh8 21. Rxe7 Qxe7 22. Qxb7 Qe1+ 23. Kh2 Rd8 24. Qxa6 d5 25. Qf1 Qb4 26. b3 Nf6 27. Bb2 d4 28. Rd1 Re8 29. Bc1 Bd6 30. Qa6 Qb8 31. Bd2 Nh5 32. Re1 Rf8 33. Qb7 Qd8 34. Qf3 Nf6 35. a4 Bc7 36. Qc6 Ba5 37. Bxa5 Qxa5 38. Rc1 d3 39. Rxc5 Qd8 40. Rc1 d2 41. Rd1 Re8 42. b4 Re1 43. Bf3 Qd3 44. Qc8+ Re8 45. Qc6 Re2+ 46. Bg2 Re1 47. Bf3 Qe3 48. h4 Qg1+ 49. Kh3 Rxd1 50. Qa8+ Ng8 51. Bd5 Qf1+ 52. Kg4 Qe2+ 53. Kg5 h6+ 0-1

[Event "Carnaval"]
[Site "Quebec CAN"]
[Date "2016.02.21"]
[Round "4"]
[White "Song, Ziyuan"]
[Black "Hansen, Eric"]
[Result "0-1"]
[WhiteElo "2584"]
[BlackElo "2239"]
[PlyCount "96"]
[GameId "2160767908761025"]
[EventDate "2016.02.19"]
[EventType "swiss"]
[EventRounds "5"]
[EventCountry "CAN"]
[SourceTitle "EXT 2022"]
[Source "ChessBase"]
[SourceDate "2021.10.06"]
[SourceVersion "1"]
[SourceVersionDate "2021.10.06"]
[SourceQuality "1"]

1. e4 c5 2. Nf3 e6 3. d4 cxd4 4. Nxd4 Nc6 5. Nc3 Qc7 6. Be3 a6 7. Qd2 Nf6 8. f4 Bb4 9. Bd3 Na5 10. Nde2 Nc4 11. Bxc4 Qxc4 12. e5 Nd5 13. Bd4 b5 14. a3 Nxc3 15. Bxc3 Be7 16. Rd1 O-O 17. O-O Bb7 18. Bb4 Bxb4 19. axb4 f6 20. Nd4 Rf7 21. c3 Raf8 22. Qe2 Qc7 23. Rfe1 Bd5 24. Qe3 fxe5 25. Qxe5 Qxe5 26. fxe5 Rf2 27. Re2 Rxe2 28. Nxe2 Rf5 29. g4 Rxe5 30. Kf2 Kf8 31. Nf4 Bc6 32. Nd3 Re4 33. Nc5 Rf4+ 34. Ke3 Rf3+ 35. Kd2 Ke7 36. Re1 Rf2+ 37. Re2 Rxe2+ 38. Kxe2 d6 39. Nb3 Kf6 40. h4 Bd5 41. Nd4 e5 42. Nf5 h5 43. Ne3 Bc4+ 44. Kf3 hxg4+ 45. Nxg4+ Ke6 46. h5 Kf5 47. Ne3+ Kg5 48. Ke4 Be6 0-1

[Event "Francophone-ch"]
[Site "Montreal CAN"]
[Date "2015.07.19"]
[Round "4"]
[White "Cummings, David"]
[Black "Hansen, Eric"]
[Result "1/2-1/2"]
[WhiteElo "2327"]
[BlackElo "2583"]
[PlyCount "70"]
[GameId "2160767908845735"]
[EventDate "2015.07.17"]
[EventType "swiss"]
[EventRounds "9"]
[EventCountry "CAN"]
[SourceTitle "EXT 2016"]
[Source "ChessBase"]
[SourceDate "2015.10.08"]
[SourceVersion "1"]
[SourceVersionDate "2015.10.08"]
[SourceQuality "1"]

1. Nf3 g6 2. c4 Bg7 3. e4 e5 4. d4 exd4 5. Nxd4 Nc6 6. Nxc6 bxc6 7. Be2 Ne7 8. Nc3 d6 9. Bg5 Rb8 10. Qd2 h6 11. Be3 c5 12. Rb1 Nc6 13. O-O Bb7 14. f4 Nd4 15. f5 Be5 16. fxg6 fxg6 17. Bf4 Qe7 18. Bd3 g5 19. Bxe5 dxe5 20. Nd5 Bxd5 21. exd5 Rb6 22. Qd1 Kd8 23. Qh5 Rf8 24. h4 Rbf6 25. Rxf6 Rxf6 26. hxg5 hxg5 27. Re1 Rf8 28. Qg6 Kc8 29. Qe4 Re8 30. a3 a5 31. Be2 Kb8 32. Bh5 Rh8 33. Bd1 Re8 34. Bh5 Rh8 35. Bd1 Re8 1/2-1/2

[Event "Quebec op 3e RIDEF"]
[Site "Montreal CAN"]
[Date "2015.07.17"]
[Round "1.2"]
[White "Hansen, Eric"]
[Black "Simard, Francois"]
[Result "1-0"]
[WhiteElo "2583"]
[BlackElo "1894"]
[PlyCount "41"]
[GameId "2160767908845772"]
[EventDate "2015.07.17"]
[EventType "swiss"]
[EventRounds "9"]
[EventCountry "CAN"]

1. e4 c5 2. Nf3 Nc6 3. Bb5 g6 4. O-O Bg7 5. Bxc6 bxc6 6. c3 Nf6 7. Re1 O-O 8. h3 d6 9. d4 cxd4 10. cxd4 Qb6 11. Nc3 Nd7 12. b3 c5 13. Nd5 Qd8 14. Bg5 f6 15. Be3 cxd4 16. Nxd4 Nc5 17. Nc6 Qe8 18. b4 Rf7 19. Ncxe7+ Rxe7 20. Nxe7+ Qxe7 21. Qd5+ 1-0

[Event "Quebec op 3e RIDEF"]
[Site "Montreal CAN"]
[Date "2015.07.18"]
[Round "2.2"]
[White "Larochelle, Martial"]
[Black "Hansen, Eric"]
[Result "0-1"]
[WhiteElo "2107"]
[BlackElo "2583"]
[PlyCount "88"]
[GameId "2160767908854034"]
[EventDate "2015.07.17"]
[EventType "swiss"]
[EventRounds "9"]
[EventCountry "CAN"]
[SourceTitle "hb 2015"]

1. e4 c5 2. Nf3 e6 3. g3 d6 4. Bg2 Nc6 5. O-O Nf6 6. Re1 Nd7 7. d4 cxd4 8. Nxd4 Be7 9. Nc3 O-O 10. Be3 a6 11. Nxc6 bxc6 12. Na4 Rb8 13. c4 c5 14. b3 Qc7 15. Qd2 Bb7 16. Rad1 Rfe8 17. Bf4 Ne5 18. Nc3 Rbd8 19. Qc1 Nc6 20. Ne2 h6 21. Qd2 Bf8 22. h4 Qc8 23. Nc3 Ne5 24. Qc1 Be7 25. Re2 Nc6 26. Red2 Qc7 27. Ne2 Bc8 28. Kh2 Rd7 29. Ng1 Nd4 30. Be3 Bf6 31. Nf3 e5 32. Bxd4 exd4 33. Qc2 Rde7 34. Re2 Bg4 35. Rde1 Qa5 36. Rd2 Qc3 37. Qxc3 dxc3 38. Rxd6 Rxe4 39. Rc1 Re2 40. Rxf6 gxf6 41. Rxc3 Rxf2 42. Ng1 Rxa2 43. Nh3 Ree2 44. Nf4 Reb2 0-1

[Event "Quebec op 3e RIDEF"]
[Site "Montreal CAN"]
[Date "2015.07.18"]
[Round "3.2"]
[White "Hansen, Eric"]
[Black "MacKinnon, Keith"]
[Result "1-0"]
[WhiteElo "2583"]
[BlackElo "2198"]
[PlyCount "74"]
[GameId "2160767908854105"]
[EventDate "2015.07.17"]
[EventType "swiss"]
[EventRounds "9"]
[EventCountry "CAN"]
[SourceTitle "hb 2015"]

1. g3 Nf6 2. Bg2 d5 3. Nf3 g6 4. c4 d4 5. O-O Bg7 6. d3 c5 7. a3 Nc6 8. b4 Nd7 9. Bb2 O-O 10. Nbd2 a5 11. bxc5 a4 12. Rb1 Nxc5 13. Ba1 Ra5 14. Qc2 Qd6 15. Rfc1 Bd7 16. Rb5 Rfa8 17. Ng5 f5 18. Rcb1 R8a6 19. Nh3 Nd8 20. Nf4 e6 21. h4 Nb3 22. Rxa5 Rxa5 23. Nxb3 axb3 24. Qxb3 Rxa3 25. Qc2 Qa6 26. Bb2 Ba4 27. Qc1 Ra2 28. Ra1 Bc6 29. Rxa2 Qxa2 30. Bf1 Kf7 31. Ba3 b6 32. Bd6 Nb7 33. Bc7 b5 34. cxb5 Bxb5 35. Bb6 Be5 36. Bxd4 Bd6 37. Qc8 Qa6 1-0

[Event "Quebec op 3e RIDEF"]
[Site "Montreal CAN"]
[Date "2015.07.21"]
[Round "5.3"]
[White "Hansen, Eric"]
[Black "El Gindy, Essam"]
[Result "1-0"]
[WhiteElo "2583"]
[BlackElo "2440"]
[PlyCount "97"]
[GameId "2160767908862436"]
[EventDate "2015.07.17"]
[EventType "swiss"]
[EventRounds "9"]
[EventCountry "CAN"]
[SourceTitle "hb 2015"]

1. e4 c5 2. Nf3 Nc6 3. Bb5 g6 4. Bxc6 dxc6 5. d3 Bg7 6. h3 Nf6 7. Nc3 O-O 8. Be3 b6 9. Qd2 e5 10. Bh6 Qd6 11. Bxg7 Kxg7 12. O-O Nh5 13. Ne2 f6 14. Rae1 Be6 15. Qe3 a5 16. a3 Nf4 17. Nxf4 exf4 18. Qd2 Rae8 19. Qc3 Kg8 20. e5 fxe5 21. Rxe5 Bd5 22. Rfe1 Rxe5 23. Qxe5 Qxe5 24. Nxe5 Rd8 25. c4 Bf7 26. Kf1 Kg7 27. Ke2 Rd6 28. Kd2 g5 29. h4 h6 30. hxg5 hxg5 31. g3 fxg3 32. fxg3 Be6 33. Rf1 a4 34. Kc3 b5 35. Rf3 bxc4 36. Nxc4 Rd8 37. Nb6 Rd4 38. Re3 Kf6 39. Re4 Bb3 40. Nc4 Rd8 41. Nd2 Bd1 42. Re1 Bh5 43. Ne4+ Kf5 44. Rf1+ Kg6 45. Rf6+ Kg7 46. Rxc6 Bf3 47. Rxc5 g4 48. Rc4 Ra8 49. Nf2 1-0

[Event "Quebec op 3e RIDEF"]
[Site "Montreal CAN"]
[Date "2015.07.22"]
[Round "6.2"]
[White "Rakotomaharo, Fy Antenaina"]
[Black "Hansen, Eric"]
[Result "1-0"]
[WhiteElo "2450"]
[BlackElo "2583"]
[PlyCount "61"]
[GameId "2160767908862508"]
[EventDate "2015.07.17"]
[EventType "swiss"]
[EventRounds "9"]
[EventCountry "CAN"]
[SourceTitle "hb 2015"]

1. d4 Nf6 2. c4 g6 3. Nc3 d5 4. Nf3 Bg7 5. cxd5 Nxd5 6. e4 Nxc3 7. bxc3 c5 8. Be3 Qa5 9. Qd2 O-O 10. Rc1 b6 11. Bh6 cxd4 12. Bxg7 Kxg7 13. cxd4 Qxd2+ 14. Kxd2 Rd8 15. Bd3 Ba6 16. Rc3 Bxd3 17. Kxd3 Nd7 18. Ke3 Rdc8 19. Rhc1 Rxc3+ 20. Rxc3 Kf8 21. h4 h6 22. Rc6 e6 23. Nd2 Ke7 24. Nc4 b5 25. Na5 Nb6 26. Rc3 a6 27. Rc7+ Kf8 28. Rc6 Nc8 29. Kf4 Ne7 30. Rc5 Rd8 31. Ke5 1-0

[Event "Quebec op 3e RIDEF"]
[Site "Montreal CAN"]
[Date "2015.07.23"]
[Round "7.5"]
[White "Hansen, Eric"]
[Black "Oussedik, Elias"]
[Result "1-0"]
[WhiteElo "2583"]
[BlackElo "2109"]
[PlyCount "65"]
[GameId "2160767908862579"]
[EventDate "2015.07.17"]
[EventType "swiss"]
[EventRounds "9"]
[EventCountry "CAN"]
[SourceTitle "hb 2015"]

1. e4 e6 2. d4 d5 3. Nc3 Nf6 4. Bg5 Be7 5. e5 Nfd7 6. h4 O-O 7. Qg4 Kh8 8. Nf3 c5 9. Bd3 f5 10. Bxe7 fxg4 11. Bxd8 gxf3 12. Be7 fxg2 13. Rg1 Rf7 14. Bd6 Nc6 15. Nb5 cxd4 16. Nc7 Rb8 17. Nxe6 Ndxe5 18. Ng5 Rf6 19. Bxb8 Nxb8 20. Bxh7 Rh6 21. Bd3 Rxh4 22. O-O-O Rg4 23. f4 Nbc6 24. Rde1 Rxf4 25. Rxg2 g6 26. Bb5 Bd7 27. Bxc6 Nxc6 28. Rh2+ Kg8 29. Rh7 Nb8 30. Ree7 Bg4 31. Re8+ Rf8 32. Rxf8+ Kxf8 33. Rh8+ 1-0

[Event "Quebec op 3e RIDEF"]
[Site "Montreal CAN"]
[Date "2015.07.24"]
[Round "8.3"]
[White "Dlugy, Maxim"]
[Black "Hansen, Eric"]
[Result "1/2-1/2"]
[WhiteElo "2516"]
[BlackElo "2583"]
[PlyCount "37"]
[GameId "2160767908870837"]
[EventDate "2015.07.17"]
[EventType "swiss"]
[EventRounds "9"]
[EventCountry "CAN"]

1. d4 Nf6 2. c4 g6 3. Nc3 d5 4. cxd5 Nxd5 5. e4 Nxc3 6. bxc3 Bg7 7. Be3 c5 8. Qd2 Qa5 9. Rc1 cxd4 10. cxd4 Qxd2+ 11. Bxd2 O-O 12. Nf3 e6 13. Bc4 Nc6 14. Bc3 Rd8 15. d5 exd5 16. Bxd5 Be6 17. Bxe6 fxe6 18. Ke2 Rd7 19. Bxg7 1/2-1/2

[Event "Quebec op 3e RIDEF"]
[Site "Montreal CAN"]
[Date "2015.07.25"]
[Round "9.3"]
[White "Hansen, Eric"]
[Black "Hambleton, Aman"]
[Result "1/2-1/2"]
[WhiteElo "2583"]
[BlackElo "2445"]
[PlyCount "28"]
[GameId "2160767908870903"]
[EventDate "2015.07.17"]
[EventType "swiss"]
[EventRounds "9"]
[EventCountry "CAN"]
[SourceTitle "hb 2015"]

1. d4 Nf6 2. c4 g6 3. g3 c6 4. Bg2 d5 5. cxd5 cxd5 6. Nf3 Bg7 7. Ne5 Ne4 8. O-O O-O 9. Nc3 Nxc3 10. bxc3 Nc6 11. Nxc6 bxc6 12. Qa4 Qb6 13. Ba3 Qa6 14. Qxa6 Bxa6 1/2-1/2